02081nam a2200349Ia 4500001000900000003000500009005001700014007000300031008004100034040001800075245020600093260003200299300009500331336002700426337002800453338002800481500005800509502009500567505020600662650005800868650002100926650004900947650001500996700005201011700004901063700004101112856012501153856014301278856013001421856009901551856008101650dia_5750CHAP20250730131648.0ta220117s2009 mx abdefr 001 0 spa d cCHAPamxchpua10aVitivinícola Châteu Camou, Ensenada, Baja California, México /ccoordinadores Marco Favio Ramírez Sepúlveda y Rosa Guadalupe Szymanski Duque ; colaboradores Javier Becerra López...[et al.] aMéxico :bEl autor,c2009 a63 hojas :bilustraciones, mapas, gráficas, diagramas, tablas, fotos, planos +e1 CD-ROM 2rdacontentatextobtxt 2rdamediaano mediadobn 2rdacarrieravolumenbnc a7° año Grupo 4 -- El CD contiene reporte y planos. aViaje de Estudios b(EIUPA) -- cUACh. Departamento de Ingeniería Agroindustrial, d2009 a4 planos: -- 1. Plano de distribución de áreas -- 2. Diagrama de flujo del proceso de elaboración de vino -- 3. Diagrama de recorrido del producto y equipo -- 4. D. T. I. del filtro de llenado10aIndustria del vinozMéxicozBaja California Norte 13aVinificación 10aWine industryzMexicozBaja California Norte13aWinemaking1 aRamírez Sepúlveda, Marco Favioecoordinador1 aSzymanski Duque, Rosa Guadalupeecoordinador1 aBecerra López, Javierecolaborador42uhttp://10.13.5.2/ve/TC503EIUPA/TC503.PLANODEDISTRIBUCI-ôNDE+üREAS.pdfyDESCARGAR PLANO DE DISTRIBUCIÓN DE ÁREAS 42uhttp://10.13.5.2/ve/TC503EIUPA/TC503EIUPA2009-PLANO-DIAGRAMADEFLUJO.pdfyDESCARGAR DIAGRAMA DE FLUJO DEL PROCESO DE ELABORACIÓN DE VINO 42uhttp://10.13.5.2/ve/TC503EIUPA/TC503EIUPA2009-DIAGRAMADERECORRIDO.pdfyDESCARGAR DIAGRAMA DE RECORRIDO DEL PRODUCTO Y EQUIPO 42uhttp://10.13.5.2/ve/TC503EIUPA/TC503.DTIDEFILTRO.pdfyDESCARGAR D. T. I. DEL FILTRO DE LLENADO42uhttp://10.13.5.2/ve/TC503EIUPA/TC503EIUPA2009-REPORTE.pdfyDESCARGAR REPORTE